Выявление дефектов изоляции кабельных изделий, приводящих к возникновению частичных разрядов, электроискровым методом контроля; Вестник науки Сибири; № 1 (7)

Bibliografische gegevens
Parent link:Вестник науки Сибири: электронный научный журнал/ Томский политехнический университет (ТПУ).— , 2011-.— 2226-0064
№ 1 (7).— 2013.— [С. 26-34]
Andere auteurs: Редько В. В. Виталий Владимирович, Леонов А. П. Андрей Петрович, Бурцева Л. Б. Любовь Борисовна, Редько Л. А. Людмила Анатольевна
Samenvatting:Заглавие с титульного листа
Описаны возможности детектирования частичных разрядов в изоляции при контроле кабельного изделия методом "на проход". Показано, что обнаружение дефектов, приводящих под действием высокого напряжения к частичным разрядам, в рамках данного метода невозможно.
Taal:Russisch
Gepubliceerd in: 2013
Reeks:Инженерные науки
Onderwerpen:
Online toegang:http://earchive.tpu.ru/handle/11683/16410
Formaat: Elektronisch Hoofdstuk
KOHA link:https://koha.lib.tpu.ru/cgi-bin/koha/opac-detail.pl?biblionumber=503564

MARC

LEADER 00000naa2a2200000 4500
001 503564
005 20231221140935.0
035 |a (RuTPU)RU\TPU\prd\174330 
035 |a RU\TPU\prd\174181 
090 |a 503564 
100 |a 20130412d2013 k y0rusy50 ca 
101 0 |a rus 
102 |a RU 
135 |a drnn ---uucaa 
181 0 |a i  
182 0 |a b 
200 1 |a Выявление дефектов изоляции кабельных изделий, приводящих к возникновению частичных разрядов, электроискровым методом контроля  |f В. В. Редько [и др.] 
203 |a Текст  |c электронный 
215 |a 1 файл (687 Кб) 
225 1 |a Инженерные науки 
300 |a Заглавие с титульного листа 
320 |a [Библиогр.: с. 34 (6 назв.)] 
330 |a Описаны возможности детектирования частичных разрядов в изоляции при контроле кабельного изделия методом "на проход". Показано, что обнаружение дефектов, приводящих под действием высокого напряжения к частичным разрядам, в рамках данного метода невозможно. 
337 |a Adobe Reader 
461 1 |0 (RuTPU)RU\TPU\prd\143680  |x 2226-0064  |t Вестник науки Сибири  |o электронный научный журнал  |f Томский политехнический университет (ТПУ)  |d 2011- 
463 1 |0 (RuTPU)RU\TPU\prd\174137  |t № 1 (7)  |v [С. 26-34]  |d 2013 
610 1 |a электротехника 
610 1 |a кабельные изделия 
610 1 |a изоляция 
610 1 |a высокое напряжение 
610 1 |a поверхностные разряды 
610 1 |a частичные разряды 
610 1 |a дефекты 
610 1 |a методы контроля 
610 1 |a электроискровой метод 
610 1 |a труды учёных ТПУ 
610 1 |a электронный ресурс 
675 |a 621.3.089.2  |v 3 
701 1 |a Редько  |b В. В.  |c специалист в области качества  |c доцент Томского политехнического университета, кандидат технических наук  |f 1974-  |g Виталий Владимирович  |3 (RuTPU)RU\TPU\pers\26415 
701 1 |a Леонов  |b А. П.  |c специалист в области электротехники  |c доцент Томского политехнического университета, кандидат технических наук  |f 1974-  |g Андрей Петрович  |3 (RuTPU)RU\TPU\pers\27883  |9 12899 
701 1 |a Бурцева  |b Л. Б.  |c специалист в области информационно-измерительных технологий  |c аспирант Томского политехнического университета  |f 1986-  |g Любовь Борисовна  |3 (RuTPU)RU\TPU\pers\27980 
701 1 |a Редько  |b Л. А.  |c специалист в области качества  |c доцент Томского политехнического университета, кандидат технических наук  |f 1978-  |g Людмила Анатольевна  |3 (RuTPU)RU\TPU\pers\25946 
801 1 |a RU  |b 63413507  |c 20090623  |g PSBO 
801 2 |a RU  |b 63413507  |c 20180115  |g PSBO 
856 4 |u http://earchive.tpu.ru/handle/11683/16410 
942 |c BK